Kế hoạch và chương trình bồi dưỡng thường xuyên chu kỳ 1998-2000 cho giáo viên mầm non Ban hành theo quyết định số 10/1998/QĐ-BGD&ĐT ngày 12 tháng 03 năm 1998

Enregistré dans:
Détails bibliographiques
Auteur principal: Bộ GD&ĐT
Format: Livre
Langue:Undetermined
Publié: H. Giáo dục 1998
Sujets:
Accès en ligne:http://lrc.tdmu.edu.vn/opac/search/detail.asp?aID=2&ID=4285
Tags: Ajouter un tag
Pas de tags, Soyez le premier à ajouter un tag!
Thư viện lưu trữ: Trung tâm Học liệu Trường Đại học Thủ Dầu Một
LEADER 00823nam a2200205Ia 4500
001 TDMU_4285
008 210410s9999 xx 000 0 und d
082 |a 372.218072 
090 |b B450 
100 |a Bộ GD&ĐT 
245 0 |a Kế hoạch và chương trình bồi dưỡng thường xuyên chu kỳ 1998-2000 cho giáo viên mầm non 
245 0 |b Ban hành theo quyết định số 10/1998/QĐ-BGD&ĐT ngày 12 tháng 03 năm 1998 
245 0 |c Bộ GD&ĐT 
260 |a H. 
260 |b Giáo dục 
260 |c 1998 
300 |a 40tr. 
650 |a Giáo dục mầm non  |x Chương trình bồi dưỡng thường xuyên 
856 |u http://lrc.tdmu.edu.vn/opac/search/detail.asp?aID=2&ID=4285 
980 |a Trung tâm Học liệu Trường Đại học Thủ Dầu Một